[Event "Groningen Combinatie op"]
[Site "Groningen"]
[Date "2024.05.12"]
[Round "6"]
[White "Ambrona Navarro, Himar"]
[Black "Margarido, Jose Miguel Teixeir"]
[Result "1/2-1/2"]
[WhiteElo "1965"]
[BlackElo "2086"]
[PlyCount "66"]
[EventDate "2024.05.09"]
[EventType "swiss"]
[EventRounds "7"]
[EventCountry "NED"]
[SourceTitle "CB20_2024"]
[SourceDate "2024.05.16"]
[SourceVersion "1"]
[SourceVersionDate "2024.05.16"]
[SourceQuality "1"]

1. d4 g6 2. c4 Bg7 3. e4 d6 4. Nc3 e5 5. Nge2 Nc6 6. Be3 Nh6 7. f3 f5 8. Qd2 fxe4 9. Bg5 e3 10. Qxe3 Nf5 11. Qd2 Qd7 12. d5 Ncd4 13. 0-0-0 h6 14. Be3 Nxe3 15. Qxe3 0-0 16. Ne4 Nf5 17. Qc3 Qe7 18. Kb1 Bd7 19. c5 Bb5 20. N2g3 Bxf1 21. Rhxf1 Nd4 22. Qb4 Rfd8 23. Qxb7 Rab8 24. cxd6 Qd7 25. Qxc7 Qb5 26. Qc1 Qxd5 27. Nc3 Qxd6 28. Nge4 Qc6 29. Ne2 Qa4 30. N2c3 Qb4 31. Rf2 Rd7 32. f4 exf4 33. Qxf4 Rf8 1/2-1/2

[Event "Groningen Combinatie op"]
[Site "Groningen"]
[Date "2024.05.11"]
[Round "5"]
[White "Prijs, Xander"]
[Black "Ambrona Navarro, Himar"]
[Result "0-1"]
[WhiteElo "1865"]
[BlackElo "1965"]
[PlyCount "52"]
[EventDate "2024.05.09"]
[EventType "swiss"]
[EventRounds "7"]
[EventCountry "NED"]
[SourceTitle "CB20_2024"]
[SourceDate "2024.05.16"]
[SourceVersion "1"]
[SourceVersionDate "2024.05.16"]
[SourceQuality "1"]

1. d4 Nf6 2. c4 g6 3. Nc3 Bg7 4. e4 d6 5. Be2 0-0 6. Bg5 Nbd7 7. Qd2 e5 8. d5 a5 9. Nf3 Nc5 10. Bd3 h6 11. Bxf6 Nxd3+ 12. Qxd3 Qxf6 13. 0-0 Qd8 14. Qe3 f5 15. Rac1 f4 16. Qe2 g5 17. c5 g4 18. cxd6 gxf3 19. Qxf3 cxd6 20. Nb5 Rf6 21. Rc7 Rg6 22. h3 Qh4 23. Kh2 Bg4 24. Qd3 f3 25. Rg1 Bxh3 26. g3 Qh5 0-1

[Event "ESP-ch U14"]
[Site "Salobrena"]
[Date "2023.07.21"]
[Round "8"]
[White "Ambrona Navarro, Himar"]
[Black "Antoneac Antoneac, Pablo Silviu"]
[Result "1-0"]
[WhiteElo "1751"]
[BlackElo "1473"]
[PlyCount "55"]
[EventDate "2023.07.17"]
[EventType "swiss"]
[EventRounds "9"]
[EventCountry "ESP"]
[SourceTitle "EXT 2024"]
[Source "ChessBase"]
[SourceDate "2023.10.10"]
[SourceVersion "1"]
[SourceVersionDate "2023.10.10"]
[SourceQuality "1"]

1. d4 Nf6 2. Bg5 c5 3. Bxf6 gxf6 4. e3 Qb6 5. b3 Bg7 6. Nf3 d6 7. Be2 Bf5 8. 0-0 Nc6 9. c4 0-0-0 10. Nc3 Bd7 11. a3 cxd4 12. Nxd4 f5 13. Nd5 Qa6 14. c5 b5 15. Bxb5 Qb7 16. Bxc6 Bxc6 17. Nxc6 Bxa1 18. Nxd8 Rxd8 19. c6 Qb5 20. Nxe7+ Kc7 21. Qxa1 Re8 22. Qf6 Qxb3 23. Nxf5 Qd5 24. Nh6 Re6 25. Qxf7+ Kxc6 26. Rc1+ Kb5 27. Qd7+ Ka6 28. Rc6+ 1-0

[Event "ESP-ch U14"]
[Site "Salobrena"]
[Date "2023.07.19"]
[Round "5"]
[White "Antonanzas Fernandez, Mario"]
[Black "Ambrona Navarro, Himar"]
[Result "0-1"]
[WhiteElo "1500"]
[BlackElo "1751"]
[PlyCount "52"]
[EventDate "2023.07.17"]
[EventType "swiss"]
[EventRounds "9"]
[EventCountry "ESP"]
[SourceTitle "EXT 2024"]
[Source "ChessBase"]
[SourceDate "2023.10.10"]
[SourceVersion "1"]
[SourceVersionDate "2023.10.10"]
[SourceQuality "1"]

1. e4 c6 2. Nc3 d5 3. Nf3 Bg4 4. d4 e6 5. Be2 Nd7 6. Bf4 dxe4 7. Nxe4 Ndf6 8. Nxf6+ Nxf6 9. 0-0 Bd6 10. Bxd6 Qxd6 11. c3 0-0 12. h3 Bh5 13. Ne5 Bxe2 14. Qxe2 Rfd8 15. Rfd1 Rac8 16. Rd2 Nd7 17. Nxd7 Rxd7 18. Qc4 Qd5 19. Qb3 e5 20. Rad1 Qxb3 21. axb3 Rcd8 22. f3 exd4 23. b4 h6 24. Kf2 dxc3 25. Rxd7 Rxd7 26. Rb1 Rd2+ 0-1

[Event "ESP-ch U14"]
[Site "Salobrena"]
[Date "2023.07.17"]
[Round "2"]
[White "Ambrona Navarro, Himar"]
[Black "Arce Cano, Lucas"]
[Result "1-0"]
[WhiteElo "1751"]
[BlackElo "1411"]
[PlyCount "127"]
[EventDate "2023.07.17"]
[EventType "swiss"]
[EventRounds "9"]
[EventCountry "ESP"]
[SourceTitle "EXT 2024"]
[Source "ChessBase"]
[SourceDate "2023.10.10"]
[SourceVersion "1"]
[SourceVersionDate "2023.10.10"]
[SourceQuality "1"]

1. Nf3 d5 2. d4 Nf6 3. e3 e6 4. Bd3 Be7 5. b3 0-0 6. 0-0 c5 7. Bb2 Nc6 8. a3 Qc7 9. Nbd2 Re8 10. Qe2 Nd7 11. Rac1 e5 12. dxe5 Ndxe5 13. Nxe5 Nxe5 14. Nf3 Bf6 15. Nxe5 Bxe5 16. Bxe5 Qxe5 17. Rfe1 Bd7 18. c4 Bc6 19. f4 Qd6 20. Rcd1 d4 21. Qd2 Be4 22. Qf2 Rad8 23. exd4 Bxd3 24. Rxe8+ Rxe8 25. Rxd3 cxd4 26. Qxd4 Qxa3 27. Re3 Qc1+ 28. Kf2 Qc2+ 29. Kf3 Rxe3+ 30. Qxe3 Qd1+ 31. Kg3 g6 32. Qe8+ Kg7 33. Qe5+ Kh6 34. Kh4 Qd8+ 35. Qg5+ Qxg5+ 36. fxg5+ Kg7 37. Kg4 Kf8 38. Kf4 Ke7 39. Ke5 b6 40. g3 a6 41. g4 a5 42. h4 Kd7 43. Kd5 Kc7 44. h5 gxh5 45. gxh5 Kd7 46. h6 Kc7 47. Ke5 Kc6 48. Kf6 Kc5 49. Kxf7 Kb4 50. g6 hxg6 51. h7 Kxb3 52. h8Q Kxc4 53. Qf6 b5 54. Qxg6 a4 55. Qc2+ Kb4 56. Qb2+ Kc4 57. Qa3 b4 58. Qxa4 Kc3 59. Qa1+ Kc2 60. Qa2+ Kc3 61. Qb1 b3 62. Ke6 b2 63. Kd5 Kb3 64. Kd4 1-0

[Event "Groningen Combinatie op"]
[Site "Groningen"]
[Date "2023.05.18"]
[Round "1"]
[White "Labruyere, Roger"]
[Black "Ambrona Navarro, Himar"]
[Result "1/2-1/2"]
[WhiteElo "2169"]
[BlackElo "1833"]
[PlyCount "100"]
[EventDate "2023.05.18"]
[EventType "swiss"]
[EventRounds "7"]
[EventCountry "NED"]
[SourceTitle "CBM 214 Extra"]
[Source "ChessBase"]
[SourceDate "2023.07.31"]
[SourceVersion "1"]
[SourceVersionDate "2023.07.31"]
[SourceQuality "1"]

1. e4 c6 2. d4 d5 3. f3 e6 4. Nc3 Nf6 5. Be3 Bb4 6. e5 Nfd7 7. a3 Ba5 8. f4 0-0 9. Nf3 f6 10. Bd3 c5 11. 0-0 Nc6 12. exf6 Nxf6 13. Ne5 cxd4 14. Nxc6 bxc6 15. Bxd4 Bb6 16. Bxb6 axb6 17. Ne2 c5 18. c3 Ba6 19. Bc2 Ng4 20. Rf3 Qh4 21. h3 Nf6 22. Nc1 Ne4 23. f5 Rad8 24. Nd3 Rxf5 25. Rxf5 exf5 26. Qf3 Bxd3 27. Bxd3 Qf6 28. Rd1 g6 29. Bb1 Qe5 30. Ba2 Nf6 31. Qd3 Rd7 32. Qa6 Qc7 33. Re1 Qb7 34. Qxb7 Rxb7 35. Re5 c4 36. a4 Kf7 37. b3 cxb3 38. Bxb3 b5 39. Rxd5 Ke7 40. Rxb5 Rxb5 41. axb5 Kd6 42. Bd1 Kc5 43. Be2 Ne4 44. c4 Nd6 45. Kf2 g5 46. Ke3 Ne4 47. Bd3 Nd6 48. h4 h6 49. h5 f4+ 50. Kd2 Ne8 1/2-1/2

[Event "NED-ch U14"]
[Site "Almelo"]
[Date "2023.05.04"]
[Round "6"]
[White "Ambrona Navarro, Himar"]
[Black "Thijssen, Freek"]
[Result "1/2-1/2"]
[WhiteElo "1834"]
[BlackElo "1644"]
[PlyCount "38"]
[EventDate "2023.04.30"]
[EventType "swiss"]
[EventRounds "9"]
[EventCountry "NED"]
[SourceTitle "CBM 214 Extra"]
[Source "ChessBase"]
[SourceDate "2023.07.31"]
[SourceVersion "1"]
[SourceVersionDate "2023.07.31"]
[SourceQuality "1"]

1. d4 d5 2. c4 c6 3. cxd5 cxd5 4. Bf4 Nf6 5. e3 e6 6. Nc3 Bd6 7. Bg3 0-0 8. Bd3 Nc6 9. Nf3 Qe7 10. Bxd6 Qxd6 11. 0-0 Bd7 12. a3 Rac8 13. Rc1 Na5 14. Ne5 Nc4 15. Nxc4 dxc4 16. Ne4 Nxe4 17. Bxe4 Bc6 18. Bxc6 Qxc6 19. Qe2 b5 1/2-1/2

[Event "NED-ch U14"]
[Site "Almelo"]
[Date "2023.05.04"]
[Round "7"]
[White "Vijver, Jonathan"]
[Black "Ambrona Navarro, Himar"]
[Result "0-1"]
[WhiteElo "1781"]
[BlackElo "1834"]
[PlyCount "102"]
[EventDate "2023.04.30"]
[EventType "swiss"]
[EventRounds "9"]
[EventCountry "NED"]
[SourceTitle "CBM 214 Extra"]
[Source "ChessBase"]
[SourceDate "2023.07.31"]
[SourceVersion "1"]
[SourceVersionDate "2023.07.31"]
[SourceQuality "1"]

1. e4 c6 2. d4 d5 3. Nc3 dxe4 4. Nxe4 Nf6 5. Nxf6+ exf6 6. c3 Bd6 7. Bd3 0-0 8. Ne2 Re8 9. 0-0 Be6 10. Be3 Nd7 11. Ng3 Qc7 12. Re1 Rad8 13. Qc2 g6 14. Rad1 c5 15. d5 Bxd5 16. Bxg6 hxg6 17. Rxd5 Nb6 18. Rdd1 Nc4 19. Bc1 Kg7 20. Rxe8 Rxe8 21. b3 Bxg3 22. hxg3 Ne5 23. Bf4 g5 24. Bxe5 Qxe5 25. Qd3 b6 26. c4 Qe2 27. Qxe2 Rxe2 28. a4 Rb2 29. Rd3 Kg6 30. g4 f5 31. gxf5+ Kxf5 32. Re3 f6 33. g3 Kg4 34. Kg2 f5 35. Rd3 f4 36. gxf4 gxf4 37. Rc3 Kf5 38. Rd3 Ke4 39. Rh3 Rd2 40. Rh7 Rd3 41. Re7+ Kd4 42. Rxa7 Rxb3 43. a5 bxa5 44. Rxa5 Kxc4 45. Ra8 Rb4 46. Kf3 Kb3 47. Rc8 c4 48. Kxf4 c3+ 49. Kf5 c2 50. f4 Rc4 51. Rb8+ Kc3 0-1

[Event "NED-ch U14"]
[Site "Almelo"]
[Date "2023.05.01"]
[Round "2"]
[White "Ambrona Navarro, Himar"]
[Black "Madularea, David"]
[Result "0-1"]
[WhiteElo "1834"]
[BlackElo "1895"]
[PlyCount "154"]
[EventDate "2023.04.30"]
[EventType "swiss"]
[EventRounds "9"]
[EventCountry "NED"]
[SourceTitle "CBM 214 Extra"]
[Source "ChessBase"]
[SourceDate "2023.07.31"]
[SourceVersion "1"]
[SourceVersionDate "2023.07.31"]
[SourceQuality "1"]

1. d4 Nf6 2. Bg5 e6 3. Nd2 h6 4. Bh4 c5 5. e3 Nc6 6. c3 b6 7. Ngf3 Be7 8. Bd3 Bb7 9. 0-0 0-0 10. Re1 cxd4 11. cxd4 Nb4 12. Bb1 Ba6 13. Bxf6 Bxf6 14. Qa4 Be7 15. a3 b5 16. Qb3 Nc6 17. Bd3 Qb6 18. Rac1 Rac8 19. a4 Nb4 20. Bxb5 Bxb5 21. axb5 Qxb5 22. Rc3 a5 23. Ra1 d5 24. Ne5 Bd6 25. Ndf3 Ra8 26. Qa4 Qe2 27. Rb1 Rfd8 28. Nc6 Nxc6 29. Rxc6 g6 30. Qc2 Qxc2 31. Rxc2 Rdc8 32. Rbc1 Rxc2 33. Rxc2 Rb8 34. Kf1 Kf8 35. Ke2 Ke7 36. Ne5 Bxe5 37. dxe5 Kd7 38. Kd2 Rb4 39. f4 h5 40. Kc1 a4 41. Rc3 h4 42. Kb1 g5 43. g3 Ke7 44. Rd3 Kf8 45. Ka2 Kg7 46. Rd4 Rb3 47. e4 dxe4 48. Rxe4 gxf4 49. Rxf4 hxg3 50. Rg4+ Kf8 51. hxg3 Re3 52. Rxa4 Rxe5 53. Ra3 Rb5 54. Re3 Ke7 55. Ka3 Kd6 56. b4 Kd5 57. Ka4 Rb8 58. Rc3 Ra8+ 59. Kb3 Rb8 60. Rc5+ Kd4 61. Ka4 e5 62. Rc7 Ra8+ 63. Kb5 Rb8+ 64. Ka5 Ra8+ 65. Kb5 f5 66. Rd7+ Ke4 67. Kc5 Rg8 68. b5 Rxg3 69. b6 Rb3 70. Kc6 f4 71. b7 f3 72. Rf7 Ke3 73. Kc7 e4 74. Rg7 Ke2 75. Re7 e3 76. Re6 Rxb7+ 77. Kxb7 f2 0-1